00404nam a2200145Ia 4500008004100000040001900041041001200060082002000072100003100092245005200123260003200175300001900207650001400226850001800240131103s9999 xx 000 0 und d aLoreto College aEnglish a920/HATbLCLIB/ aHathayay, Katharine Butler 4aThe little locksmithcKatharine Butler Hathayay aLondonbreaders unionc1945 a167p. c 22cm. aBiography aLCLIB/920/HAT